Представление документа в формате MARC21

Поле Инд. ПП Название Значение
Тип записи a
Библиографический уровень a
001 Контрольный номер 220be2268a174c468dfd572ae9e326e6
005 Дата корректировки 20220224154353.1
040 a Служба первич. каталог. НБ ТвГУ
b Код языка каталог. rus
e Правила каталог. PSBO
041 0_ a Код языка текста rus
097 b Оператор Komarova.ES
100 1_ a Автор Белов Юрий Анатольевич
q Полное имя Белов Ю. А.
245 10 a Заглавие Вопрос о графах достижимости сетей Петри
260 a Место издания Тверь
b Издательство Тверской государственный университет
504 a Библиография Библиогр.: с. 116 (1 назв.)
520 0_ a Аннотация Ставится вопрос о возможности моделирования некоторого графа с помощью графа достижимости какой-либо сети Петри.
653 0_ a Ключевые слова Ярославль, город
a Ключевые слова Сети Петри
a Ключевые слова Граф достижимости сети Петри
a Ключевые слова Изоморфизм графов
a Ключевые слова Символы
773 18 w Контрольный № источника f93cd7c2cffb4b90a02951ff508e955d
t Название источника Математические основы информатики и информационно-коммуникационных систем"
d Место и дата издания Тверь : Тверской государственный университет, 2021
g Прочая информация С. 114-117
856 40 u URL http://megapro.tversu.ru/megaPro/UserEntry?Action=FindDocs&ids=5455313
u URL http://texts.lib.tversu.ru/texts/151506t.pdf
x Примечание для ЭОР Справка УИС 2021
x Примечание для ЭОР Реестр суммарного учета сетевых локальных документов
i Дата подключения ЭОР 20211224
901 t Тип документа a
920 a Оператор Кома
954 b Дата поступления в ОК 20211222